banner koha

Rendimento de materia seca de feijao e alteracoes na retencao de umidade do solo pela incorporacao de esterco de curral em casa de vegetacao (Registro n. 336242)

MARC details
000 -LÍDER
campo de controle de tamanho fixo 01314naa a22003257a 4500
001 - NÚMERO DE CONTROLE
campo de controle BR9101902
003 - IDENTIFICADOR DO NÚMERO DE CONTROLE
campo de controle BR-BrBNA
005 - DATA E HORÁRIO DA ÚLTIMA TRANSAÇÃO
campo de controle 20250721155406.0
007 - CAMPO FIXO DE DESCRIÇÃO FÍSICA--INFORMAÇÃO GERAL
campo de controle de tamanho fixo ta
008 - CAMPO DE DADOS FIXOS--INFORMAÇÃO GERAL
campo de controle de tamanho fixo 250630b bl.|||m| |||| 00| 0 por d
040 ## - FONTE DA CATALOGAÇÃO
Instituição da catalogação original BR-BrBNA
Idioma da catalogação por
Instituição que transcreveu o registro Biblioteca Nacional de Agricultura
041 ## - CÓDIGO DE IDIOMA
Código do idioma do texto/trilha sonora ou título diferente (Pt)
072 ## - CÓDIGO DE CATEGORIA DE ASSUNTO
Código de Categoria de Assunto F04; P33
Código do objeto 1440
-- 3851
090 ## - NÚMERO DE CHAMADA LOCAL
Número de chamada F04 BR9101902
100 1# - ENTRADA PRINCIPAL--NOME PESSOAL
Nome pessoal Salviano, A.A.C.
100 1# - ENTRADA PRINCIPAL--NOME PESSOAL
Nome pessoal Nascimento Filho, A. do
111 1# - ENTRADA PRINCIPAL--NOME DO EVENTO
Nome do evento ou lugar 5. Seminario de Pesquisa Agropecuaria do Piaui
Local do evento Teresina, PI (Brazil)
Data do evento ou assinatura do tratado 19-21 Oct 1988
245 1# - TÍTULO
Título Rendimento de materia seca de feijao e alteracoes na retencao de umidade do solo pela incorporacao de esterco de curral em casa de vegetacao
490 ## - TÍTULO DA SÉRIE
Título da série Documentos - Unidade de Execucao de Pesquisa de Ambito Estadual de Teresina (Brazil)
Número do volume ou designação sequencial da série No. 9
500 ## - NOTA GERAL
Nota geral Anais do 5. Seminario de Pesquisa Agropecuaria do Piaui<br/>Teresina, PI (Brasil): 1988. p. 86-89 [7 ref.; Summary (Pt)]<br/>(BR9101902-AMS)<br/>
650 ## - ASSUNTO--TERMO TÓPICO
Cabeçalho tópico ou nome geográfico FEIJAO DE CORDA
650 ## - ASSUNTO--TERMO TÓPICO
Cabeçalho tópico ou nome geográfico ESTERCO DE GADO
650 ## - ASSUNTO--TERMO TÓPICO
Cabeçalho tópico ou nome geográfico ADUBACAO
650 ## - ASSUNTO--TERMO TÓPICO
Cabeçalho tópico ou nome geográfico UMIDADE DO SOLO
650 ## - ASSUNTO--TERMO TÓPICO
Cabeçalho tópico ou nome geográfico MATERIA SECA
650 ## - ASSUNTO--TERMO TÓPICO
Cabeçalho tópico ou nome geográfico RENDIMENTO
773 0# - ENTRADA ANALÍTICA
Título Anais do 5. Seminario de Pesquisa Agropecuaria do Piaui
Número de controle do registro F04 BR9101902
Partes relacionadas Teresina, PI (Brasil), 1988. p. 86-89
942 ## - ELEMENTOS DE ENTRADA ADICIONADOS (KOHA)
Tipo de material Koha Analítica de Monografia Seriada
Fonte da classificação ou esquema de arquivamento na estante Classificação AGRIS
909 ## -
-- 202506
-- Lúcia
-- 55
-- Lúcia Elande
Exemplares
Situação do descarte Fonte da classificação ou esquema de arquivamento na estante Situação física Não pode ser emprestado Coleção Biblioteca de origem Biblioteca atual Total de empréstimos Data de último acesso Número do exemplar Tipo de material Koha Situação das perdas Data de aquisição Fonte de aquisição
  Classificação AGRIS       Biblioteca Nacional de Agricultura - Binagri Biblioteca Nacional de Agricultura - Binagri   30/06/2025 01 Analítica de Monografia Seriada   2025-06-30 Portaria Interministerial nº 164/94

BINAGRI

Telefone: (61)3218-2567/2388/3357/2097 - binagri@agro.gov.br

Ministério da Agricultura e Pecuária , Esplanada dos Ministérios, Bloco D, Anexo B, Brasília/DF, CEP: 70.043-900